000 04052nam a2200397 a 4500
001 000021118
005 20200930011235.0
008 150130s2009 dr abc 000 0 spa d
020 _z9789803663755 (v. 2)
020 _a9789803663763 (v. 3)
020 _a9803663771 (v. 4)
020 _a9803664093 (v. 5)
020 _a9803664107 (v. 6)
020 _a9945400061 (v. 7)
020 _a9945400096 (v. 8)
040 _aDO-SdBNP
_bspa
_cBNPHU
082 _axxxx
_bxxxx
100 1 _aHernández Polanco, Juan Ricardo
_944155
245 1 0 _aCiencias sociales / :
_beducación básica /
_cBanahi Severino, Juan Ricardo Hernández Polanco, Alejandro Hernández Grullón; ilustraciones Richard Féliz, Ramón Sandoval.
260 _aSanto Domingo :
_bActualidad Escolar 2000,
_c2009.
300 _a8 v. :
_bil., map. retrs. ;
_c28 cm.
500 _aEste libro ha sido realizado de acuerdo al curriculum vigente y aprobado como libro de texto por la SEE, bajo el no. 6096 de fecha 4 de julio 2006, revisado y actualizado al 2009
500 _ael v. 1 dice "Libro del maestro, edición sin valor comercial"
505 1 _av.1 :
_tEstimular la formación de sujetos que construyan sus conocimientos y saberes, a través de una actitud de investigación permanente --
_tContribuir a la formación de sujetos capaces de expresarse en forma diferente --
_tEstimular la formación de sujetos democráticos --
_tContribuir a la formación de sujetos con capacidades y potencialidades para el trabajo --
_tEstimular la formación de sujetos con identidad personal, social y cultural --
505 1 _av. 2 :
_gunidad 1 --
_tYo vivo en mi comunidad --
_gunidad 2 --
_t¿Como se organiza mi comunidad? --
_gunidad 3 --
_tRepública Dominicana es mi país --
_rBanahi Severino --
505 1 _av. 3 :
_gunidad 1 --
_tFamilia y comunidad --
_gunidad 2 --
_tCultura y autoridad en los municipios dominicanos --
_gunidad 3 --
_tRepública Dominicana, primeros pobladores /
_rBanahi Severino --
505 1 _av. 4 :
_gunidad 1 --
_tProvincias y regiones dominicanas --
_gunidad 2 --
_tRelieve, hidrografía y clima de las regiones de la República Dominicana --
_gunidad 3 --
_tPrimeros pobladores y llegada de los españoles --
_gunidad 4 --
_tEsclavitud nativa y resistencia --
_gunidad 5 --
_tFormación del pueblo dominicano: independencia, anexión y restauración /
_rAlejandro Hernández Grullon --
_rJuan Ricardo Hernández --
505 1 _av. 5 :
_gunidad 1 --
_tLa isla de Santo Domingo y la región del Caribe --
_gunidad 2 --
_tLos continentes América, Europa, África, Asia, Oceanía y Antártida --
_gunidd 3 --
_tÁfrica y América conquistadas por Europa --
_gunidad 4 --
_tLa civilizaciones del continente americano y pobladores de las Antillas --
_gunidad 5 --
_tLas civilizaciones antiguas --
_gunidad 6 --
_tAzúcar y esclavitud en la región caribeña /
_rJuan Ricardo Hernández Polanco --
505 1 _av. 6 :
_gunidad 1 --
_tColonización de América, África y Asia --
_gunidad 2 --
_tColonización de la Hispaniola --
_gunidad 3 --
_tLas revoluciones burguesas --
_gunidad 4 --
_tEl movimiento antiesclavista en América --
_gunidad 5 --
_tLa independencia de las colonias americanas /
_rJuan Ricardo Hernández Polanco --
505 1 _av. 7 :
_gunidad 1 --
_tMovimiento poblacional y dominio del espacio en la República Dominicana --
_gunidad 2 --
_tOcupación haitiana (1822-1844) y proceso de independencia de la República Dominicana --
_gunidad 3 --
_tPresencia de las potencias europeas y los Estados Unidos en las luchas internas post-independentistas /
_rRicardo Hernández Polanco --
505 1 _av. 8 :
_gunidad 1 --
_tLuchas por el control del espacio entre las potencias mundiales --
_gunidad 2 --
_tDictaduras y derechos humanos en República Dominicana y América Latina --
_gunidad 3 --
_tSistema electoral y cobertura democrática en la República Dominicana /
_rJuan Ricardo Hernández Polanco --
700 1 _aSeverino, Banahi
_944156
700 1 _aHernández Grullón, Alejandro
_944157
700 1 _aFéliz, Richard
_eil.
_944158
700 1 _aSandoval, Ramón
_eil.
_910955
999 _c20620
_d20620